Harry Potter: les Chocogrenouilles - Statistiques

Statistiques générales
  • Ce quiz a été pris 55 fois
  • Le résultat moyen est 4 sur 5
Statistiques - réponses
Information Réponses % Correct
Première apparition Harry Potter à l'école des sorciers
98%
Dernière apparition Harry Potter et les Reliques de la Mort
90%
Description Grenouille en chocolat
88%
Vendeur Honeydukes
54%
Vendeur Poudlard Express
35%
Aucun quiz correspondant
Distribution des résultats
% des personnes avec chaque résultat
Percentile par nombre de réponses
Votre historique - résultats
Vous n’avez pas pris ce quiz